Avalanche - Bring Me the Horizon - Statistics

General Stats
  • This quiz has been taken 10 times
  • The average score is 311 of 328
Answer Stats
% Correct
a
100%
all
100%
an
100%
and
100%
And,
100%
And
100%
around
100%
avalanche,
100%
avalanche
100%
Can
100%
can
100%
cause
100%
Cause
100%
chance,
100%
chance
100%
cure
100%
Cut
100%
Diagnose
100%
feel
100%
for
100%
frozen
100%
go
100%
hands
100%
happens
100%
head
100%
heart
100%
I
100%
ice
100%
ice,
100%
inside
100%
it
100%
it's
100%
It's
100%
like
100%
me
100%
me,
100%
my
100%
myself
100%
neck
100%
neck?
100%
need
100%
never
100%
no,
100%
not
100%
of
100%
on
100%
open
100%
over,
100%
over
100%
phase
100%
stood
100%
tell
100%
the
100%
thin
100%
this
100%
time
100%
under
100%
wasn't
100%
weight
100%
what
100%
what's
100%
What's
100%
wired
100%
again,
86%
am
86%
Am
86%
anyone
86%
broken?
86%
can't
86%
check
86%
circle
86%
doesn't
86%
find
86%
fit
86%
frequency
86%
frequency,
86%
give
86%
Give
86%
going
86%
hits,
86%
hits
86%
I'm
86%
keep
86%
now
86%
out
86%
remedy,
86%
respond?
86%
running
86%
square
86%
Start
86%
survive?
86%
when
86%
why
86%
will
86%
wondering
86%
world
86%
you
86%
Don't
71%
Just
71%
prescribe?
71%
straight
71%
suicide
71%
to
71%
well
71%
antidote,
57%
treading
57%
has
43%
sugarcoat
43%
No matching quizzes found
Score Distribution
Percent of People with Each Score
Percentile by Number Answered
Your Score History
You have not taken this quiz